| 000 | 00623nam a2200253 a 4500 | ||
|---|---|---|---|
| 001 | 14346 | ||
| 003 | BD-JhCC | ||
| 005 | 20250304122232.0 | ||
| 008 | 250302b19972018e a|||| ||a| 001 0 eng d | ||
| 020 | _a9780241339435 | ||
| 035 | _a(BD-JhCC)14346 | ||
| 040 |
_aBD-JhCC _dBD-JhCC |
||
| 041 | _aenglish | ||
| 082 |
_a821 _bLEV 2018 |
||
| 100 | _a Levi,Primo | ||
| 245 |
_aThe Survivor / _cPrimo Levi . |
||
| 260 |
_aNew York: _bPenguin Books; _c2018. |
||
| 300 |
_a64 p. : _c16 cm. |
||
| 490 | _aPenguin Modern: 48 | ||
| 500 | _aPenguin Modern: 48 | ||
| 650 | _a English poetry. | ||
| 942 |
_2ddc _cBK |
||
| 999 |
_c14346 _d14346 |
||